[Event "MPJ-Blitz-D12"]
[Site "Katowice"]
[Date "2015.08.15"]
[Round "14.4"]
[White "Bienko, Jagoda"]
[Black "Czarniecka, Aleksandra"]
[Result "0-1"]
[BlackElo "1350"]
[WhiteElo "1315"]

1. d4 {[%clk 0:03:02]} Nf6 {[%clk 0:03:04]} 2. c4 g6 3. Nc3 {[%clk 0:02:59]} Bg7
{[%clk 0:03:05]} 4. e4 {[%clk 0:02:58]} d6 {[%clk 0:03:07]} 5. h3
{[%clk 0:02:56]} O-O {[%clk 0:03:07]} 6. Be3 {[%clk 0:02:57]} e5 {[%clk 0:03:07]}
7. d5 {[%clk 0:02:58]} a5 {[%clk 0:03:07]} 8. Nf3 {[%clk 0:02:54]} Na6
{[%clk 0:03:08]} 9. a3 {[%clk 0:02:51]} Nc5 {[%clk 0:03:05]} 10. Bxc5
{[%clk 0:02:43]} dxc5 {[%clk 0:03:07]} 11. Be2 {[%clk 0:02:44]} Ne8
{[%clk 0:03:07]} 12. O-O {[%clk 0:02:43]} Nd6 {[%clk 0:03:08]} 13. Nd2
{[%clk 0:02:41]} f5 {[%clk 0:03:04]} 14. f3 {[%clk 0:02:43]} f4 {[%clk 0:03:05]}
15. Nb3 b6 16. Qd2 {[%clk 0:02:26]} Kh8 {[%clk 0:03:08]} 17. Rac1
{[%clk 0:02:16]} g5 {[%clk 0:03:08]} 18. Nd1 {[%clk 0:02:13]} h5 {[%clk 0:03:07]}
19. Nf2 {[%clk 0:02:13]} Rf6 {[%clk 0:02:45]} 20. Rcd1 {[%clk 0:02:01]} Rh6
{[%clk 0:02:46]} 21. Qc2 {[%clk 0:01:48]} Qf6 {[%clk 0:02:46]} 22. Nc1
{[%clk 0:01:43]} Bd7 {[%clk 0:02:38]} 23. Ncd3 {[%clk 0:01:39]} Rf8
{[%clk 0:02:39]} 24. Nh1 {[%clk 0:01:26]} Bc8 {[%clk 0:02:38]} 25. b3
{[%clk 0:01:23]} g4 {[%clk 0:02:21]} 26. fxg4 {[%clk 0:01:19]} hxg4
{[%clk 0:02:22]} 27. Bxg4 {[%clk 0:01:15]} Bxg4 {[%clk 0:02:23]} 28. hxg4
{[%clk 0:01:16]} Qh4 {[%clk 0:02:24]} 29. Kf2 {[%clk 0:01:02]} Qxh1
{[%clk 0:02:22]} 30. Ke2 {[%clk 0:01:02]} Qh4 {[%clk 0:02:22]} 31. Ke1
{[%clk 0:01:01]} Qxg4 {[%clk 0:02:20]} 32. Qf2 {[%clk 0:00:59]} Qg3
{[%clk 0:02:19]} 0-1

[Event "MPJ-Blitz-D12"]
[Site "Katowice"]
[Date "2015.08.15"]
[Round "14.5"]
[White "Vanduyfhuys, Daria"]
[Black "Malicka, Maria"]
[Result "1/2-1/2"]
[BlackElo "1365"]
[WhiteElo "1198"]

1. e4 e5 2. Nf3 Nc6 3. Nc3 Nf6 4. d4 exd4 5. Nxd4 Bc5 6. Be3 Nxd4 7. Bxd4 Bxd4 8.
Qxd4 d6 9. Bb5+ Bd7 10. Bxd7+ Qxd7 11. e5 dxe5 12. Qxe5+ Qe7 13. Qxe7+ Kxe7 14.
O-O-O Rhd8 15. Rhe1+ Kf8 16. f3 Re8 17. Kd2 Rad8+ 18. Kc1 c6 19. a3 h6 20. Rxd8
Rxd8 21. Re2 Nd5 22. Rd2 Ke7 23. Nxd5+ cxd5 24. Rd4 Ke6 25. f4 b6 26. Kd2 Rc8 27.
c3 Rc4 28. Kd3 Rc5 29. Ra4 Rc7 30. g3 Kf5 31. h3 Ke6 32. Rd4 Rc6 33. b3 Rc7 34.
Ra4 Rd7 35. Rd4 Rc7 36. Ra4 Rd7 37. Rd4 Rc7 38. Ra4 1/2-1/2

[Event "MPJ-Blitz-D12"]
[Site "Katowice"]
[Date "2015.08.15"]
[Round "15.1"]
[White "Waszczuk, Patrycja"]
[Black "Tarka, Aleksandra"]
[Result "1-0"]
[BlackElo "1311"]
[WhiteElo "1481"]

1. e4 {[%clk 0:03:03]} d5 {[%clk 0:03:04]} 2. exd5 {[%clk 0:03:03]} Qxd5
{[%clk 0:03:05]} 3. Nc3 {[%clk 0:03:04]} Qa5 {[%clk 0:03:06]} 4. d4
{[%clk 0:03:05]} Nf6 {[%clk 0:03:07]} 5. Bc4 {[%clk 0:03:05]} Nc6
{[%clk 0:03:08]} 6. Nge2 {[%clk 0:03:04]} Bg4 {[%clk 0:03:00]} 7. f3
{[%clk 0:02:59]} Bh5 {[%clk 0:02:56]} 8. Bd2 {[%clk 0:02:53]} Qb4
{[%clk 0:02:23]} 9. Nd5 {[%clk 0:02:43]} Qd6 {[%clk 0:02:13]} 10. Bf4
{[%clk 0:02:40]} e5 {[%clk 0:01:56]} 11. dxe5 {[%clk 0:02:31]} Nxe5
{[%clk 0:01:54]} 12. Nxf6+ {[%clk 0:02:11]} Qxf6 {[%clk 0:01:34]} 13. Qd5
{[%clk 0:01:25]} Bd6 {[%clk 0:01:11]} 14. g4 {[%clk 0:00:51]} Bg6
{[%clk 0:01:08]} 15. g5 {[%clk 0:00:46]} Qe7 {[%clk 0:00:52]} 16. O-O-O
{[%clk 0:00:42]} O-O-O {[%clk 0:00:42]} 17. Qb5 {[%clk 0:00:21]} a6
{[%clk 0:00:28]} 18. Qb3 {[%clk 0:00:19]} Rhe8 {[%clk 0:00:23]} 19. Bxe5
{[%clk 0:00:13]} Bxe5 {[%clk 0:00:21]} 20. f4 {[%clk 0:00:14]} Bd6
{[%clk 0:00:19]} 21. Rhe1 {[%clk 0:00:14]} Qd7 {[%clk 0:00:13]} 22. Bd5
{[%clk 0:00:14]} c6 {[%clk 0:00:12]} 23. Bf3 {[%clk 0:00:13]} Qc7
{[%clk 0:00:12]} 24. Qc4 {[%clk 0:00:12]} f6 {[%clk 0:00:10]} 25. h4
{[%clk 0:00:12]} fxg5 {[%clk 0:00:10]} 26. hxg5 {[%clk 0:00:12]} Qf7
{[%clk 0:00:08]} 27. Qxf7 {[%clk 0:00:12]} Bxf7 {[%clk 0:00:10]} 28. Kb1
{[%clk 0:00:11]} Bg6 {[%clk 0:00:08]} 29. Bg4+ {[%clk 0:00:11]} Kb8
{[%clk 0:00:09]} 30. f5 {[%clk 0:00:12]} Bf7 {[%clk 0:00:09]} 31. Nc3
{[%clk 0:00:12]} Rxe1 {[%clk 0:00:07]} 32. Rxe1 {[%clk 0:00:13]} Re8
{[%clk 0:00:07]} 33. Rxe8+ {[%clk 0:00:14]} Bxe8 {[%clk 0:00:09]} 34. Ne4
{[%clk 0:00:15]} Bf4 {[%clk 0:00:08]} 35. f6 {[%clk 0:00:14]} g6 {[%clk 0:00:07]}
36. Be6 {[%clk 0:00:14]} Kc7 {[%clk 0:00:06]} 37. f7 {[%clk 0:00:15]} Bxf7
{[%clk 0:00:06]} 38. Bxf7 {[%clk 0:00:16]} Kd7 {[%clk 0:00:07]} 39. Bg8
{[%clk 0:00:17]} Ke7 40. Bxh7 {[%clk 0:00:17]} Kf7 {[%clk 0:00:07]} 41. Nc5
{[%clk 0:00:12]} Kg7 {[%clk 0:00:07]} 42. Ne6+ {[%clk 0:00:13]} Kxh7
{[%clk 0:00:07]} 43. Nxf4 {[%clk 0:00:14]} Kg7 {[%clk 0:00:05]} 44. Kc1
{[%clk 0:00:15]} Kf7 {[%clk 0:00:06]} 45. Kd2 {[%clk 0:00:16]} Ke7
{[%clk 0:00:05]} 46. Ke3 {[%clk 0:00:17]} Kd6 {[%clk 0:00:05]} 47. Ke4
{[%clk 0:00:18]} b5 {[%clk 0:00:05]} 48. Nxg6 {[%clk 0:00:19]} c5
{[%clk 0:00:06]} 49. Nf4 {[%clk 0:00:20]} Ke7 {[%clk 0:00:07]} 50. g6
{[%clk 0:00:21]} Kf8 {[%clk 0:00:08]} 51. Ke5 {[%clk 0:00:22]} Kg7
{[%clk 0:00:09]} 52. Kd5 {[%clk 0:00:23]} c4 {[%clk 0:00:10]} 53. Kc5
{[%clk 0:00:24]} Kf6 {[%clk 0:00:10]} 54. Kb6 {[%clk 0:00:25]} Kg7
{[%clk 0:00:09]} 55. Kxb5 axb5 1-0

[Event "MPJ-Blitz-D12"]
[Site "Katowice"]
[Date "2015.08.15"]
[Round "15.2"]
[White "Harazinska, Magdalena"]
[Black "Czarniecka, Aleksandra"]
[Result "1-0"]
[BlackElo "1350"]
[WhiteElo "1499"]

1. d4 {[%clk 0:03:03]} Nf6 {[%clk 0:03:04]} 2. c4 {[%clk 0:03:04]} g6
{[%clk 0:03:05]} 3. Nc3 {[%clk 0:03:05]} Bg7 {[%clk 0:03:06]} 4. e4
{[%clk 0:03:06]} d6 {[%clk 0:03:07]} 5. f3 {[%clk 0:03:06]} O-O {[%clk 0:03:08]}
6. Be3 {[%clk 0:03:07]} c5 {[%clk 0:03:09]} 7. d5 {[%clk 0:03:00]} e6
{[%clk 0:03:08]} 8. Bd3 {[%clk 0:02:51]} exd5 {[%clk 0:03:09]} 9. cxd5
{[%clk 0:02:52]} Nbd7 {[%clk 0:03:10]} 10. Nge2 {[%clk 0:02:48]} Ne5
{[%clk 0:03:11]} 11. O-O {[%clk 0:02:40]} a6 {[%clk 0:03:09]} 12. a4
{[%clk 0:02:42]} Bd7 {[%clk 0:03:05]} 13. h3 {[%clk 0:02:27]} Qe7
{[%clk 0:02:57]} 14. f4 {[%clk 0:02:20]} Nxd3 {[%clk 0:02:58]} 15. Qxd3
{[%clk 0:02:21]} Rab8 {[%clk 0:02:48]} 16. a5 {[%clk 0:02:21]} Rfe8
{[%clk 0:02:40]} 17. Ng3 {[%clk 0:02:20]} Rec8 {[%clk 0:02:36]} 18. Rae1
{[%clk 0:02:09]} b6 {[%clk 0:02:29]} 19. axb6 Rxb6 20. Bc1 {[%clk 0:01:55]} Rb3
{[%clk 0:02:27]} 21. e5 {[%clk 0:01:40]} Ne8 {[%clk 0:02:08]} 22. Qc2
{[%clk 0:01:24]} dxe5 {[%clk 0:02:01]} 23. Qxb3 {[%clk 0:01:21]} Nd6
{[%clk 0:01:56]} 24. Qc2 {[%clk 0:01:14]} Nf5 {[%clk 0:01:54]} 25. Qf2
{[%clk 0:01:04]} Nxg3 {[%clk 0:01:49]} 26. Qxg3 {[%clk 0:01:05]} Bf5
{[%clk 0:01:47]} 27. fxe5 {[%clk 0:01:05]} c4 {[%clk 0:01:44]} 28. Bg5
{[%clk 0:01:03]} Qc5+ {[%clk 0:01:44]} 29. Be3 {[%clk 0:01:00]} Qe7
{[%clk 0:01:43]} 30. Bd4 Qb4 {[%clk 0:01:37]} 31. Rf2 {[%clk 0:00:54]} Re8
{[%clk 0:01:27]} 32. Qf4 {[%clk 0:00:46]} a5 {[%clk 0:01:23]} 33. g4 Bc8
{[%clk 0:01:19]} 34. Qxf7+ {[%clk 0:00:47]} Kh8 {[%clk 0:01:18]} 35. Qxe8+
{[%clk 0:00:48]} 1-0

[Event "MPJ-Blitz-D12"]
[Site "Katowice"]
[Date "2015.08.15"]
[Round "15.3"]
[White "Dylag, Emilia"]
[Black "Czarnecka, Lidia"]
[Result "1/2-1/2"]
[BlackElo "1459"]
[WhiteElo "1454"]

1. d4 {[%clk 0:03:03]} d5 {[%clk 0:03:03]} 2. Nf3 {[%clk 0:03:04]} e6
{[%clk 0:03:01]} 3. e3 {[%clk 0:03:04]} Nf6 {[%clk 0:03:01]} 4. Bd3
{[%clk 0:03:04]} Be7 {[%clk 0:03:00]} 5. Nbd2 {[%clk 0:03:02]} Nbd7
{[%clk 0:02:57]} 6. b3 {[%clk 0:03:00]} O-O {[%clk 0:02:56]} 7. Bb2
{[%clk 0:03:00]} b6 {[%clk 0:02:56]} 8. O-O {[%clk 0:02:57]} Bb7 {[%clk 0:02:57]}
9. Ne5 {[%clk 0:02:55]} c5 {[%clk 0:02:56]} 10. f4 {[%clk 0:02:54]} Ne4
{[%clk 0:02:43]} 11. Bxe4 {[%clk 0:02:13]} dxe4 {[%clk 0:02:43]} 12. Qg4
{[%clk 0:01:47]} Nf6 {[%clk 0:02:41]} 13. Qg3 {[%clk 0:01:27]} Rc8
{[%clk 0:02:28]} 14. c4 {[%clk 0:01:18]} Qc7 {[%clk 0:02:10]} 15. f5 Qd6
{[%clk 0:01:25]} 16. fxe6 {[%clk 0:00:53]} Qxe6 {[%clk 0:01:24]} 17. d5
{[%clk 0:00:49]} Qd6 {[%clk 0:01:20]} 18. Qf4 Rfe8 {[%clk 0:01:11]} 19. Nxe4
{[%clk 0:00:30]} Nxe4 {[%clk 0:01:10]} 20. Qxe4 {[%clk 0:00:25]} Bf6
{[%clk 0:01:08]} 21. Qf4 {[%clk 0:00:21]} Bxe5 {[%clk 0:01:05]} 22. Bxe5
{[%clk 0:00:22]} Qxe5 {[%clk 0:01:02]} 23. Qxf7+ {[%clk 0:00:23]} Kh8
{[%clk 0:01:04]} 24. Qxb7 {[%clk 0:00:20]} Rc7 {[%clk 0:00:58]} 25. Qa6
{[%clk 0:00:18]} Qxe3+ {[%clk 0:00:59]} 26. Kh1 {[%clk 0:00:20]} Qd4
{[%clk 0:00:48]} 27. h3 {[%clk 0:00:20]} Rce7 {[%clk 0:00:47]} 28. Qb5
{[%clk 0:00:17]} Qd2 {[%clk 0:00:42]} 29. Qc6 {[%clk 0:00:14]} Rd8
{[%clk 0:00:37]} 30. Qb5 {[%clk 0:00:10]} Red7 {[%clk 0:00:33]} 31. Qc6
{[%clk 0:00:09]} Qg5 {[%clk 0:00:28]} 32. Qb5 {[%clk 0:00:10]} Qe5
{[%clk 0:00:24]} 33. Rae1 {[%clk 0:00:11]} Qh5 {[%clk 0:00:23]} 34. Qc6
{[%clk 0:00:11]} h6 {[%clk 0:00:18]} 35. Qe6 {[%clk 0:00:10]} Rd6
{[%clk 0:00:15]} 36. Qe2 {[%clk 0:00:11]} Qg6 {[%clk 0:00:15]} 37. Qe4
{[%clk 0:00:11]} Kh7 {[%clk 0:00:16]} 38. Qxg6+ {[%clk 0:00:11]} Rxg6
{[%clk 0:00:17]} 39. Rd1 {[%clk 0:00:11]} Rd7 {[%clk 0:00:18]} 40. Rfe1
{[%clk 0:00:11]} Rf6 {[%clk 0:00:17]} 41. Re8 {[%clk 0:00:11]} Rf2
{[%clk 0:00:19]} 42. a3 {[%clk 0:00:07]} Rf6 {[%clk 0:00:18]} 43. Re2
{[%clk 0:00:07]} Rdd6 {[%clk 0:00:15]} 44. Re7 {[%clk 0:00:08]} a6
{[%clk 0:00:15]} 45. Ra7 {[%clk 0:00:07]} a5 {[%clk 0:00:16]} 46. Re7
{[%clk 0:00:08]} Rf2 {[%clk 0:00:18]} 47. Ree1 {[%clk 0:00:08]} Rb2
{[%clk 0:00:18]} 48. Rd3 {[%clk 0:00:07]} Rf2 {[%clk 0:00:20]} 49. Kg1
{[%clk 0:00:07]} Rff6 {[%clk 0:00:20]} 50. Re2 {[%clk 0:00:06]} Rf5
{[%clk 0:00:20]} 51. Kh2 {[%clk 0:00:07]} Rff6 {[%clk 0:00:20]} 52. Kg1
{[%clk 0:00:08]} Kg6 {[%clk 0:00:21]} 53. Rg3+ {[%clk 0:00:08]} Kf7
{[%clk 0:00:21]} 54. Rf3 {[%clk 0:00:08]} Rxf3 {[%clk 0:00:21]} 55. gxf3
{[%clk 0:00:09]} Rf6 {[%clk 0:00:17]} 56. Kf2 {[%clk 0:00:10]} Rd6
{[%clk 0:00:18]} 57. Rd2 {[%clk 0:00:10]} Kf6 {[%clk 0:00:20]} 58. Ke3
{[%clk 0:00:10]} 1/2-1/2

[Event "MPJ-Blitz-D12"]
[Site "Katowice"]
[Date "2015.08.15"]
[Round "15.4"]
[White "Wolagiewicz, Kinga"]
[Black "Adamczyk, Zuzanna"]
[Result "1/2-1/2"]
[BlackElo "1394"]
[WhiteElo "1401"]

1. e4 {[%clk 0:03:02]} c5 {[%clk 0:03:04]} 2. Nf3 {[%clk 0:03:03]} a6
{[%clk 0:03:05]} 3. d4 {[%clk 0:03:03]} cxd4 {[%clk 0:03:06]} 4. Nxd4
{[%clk 0:03:03]} Nf6 {[%clk 0:03:06]} 5. Nc3 {[%clk 0:03:03]} e5 {[%clk 0:03:06]}
6. Nb3 {[%clk 0:03:03]} d6 {[%clk 0:03:06]} 7. Bd3 {[%clk 0:03:04]} Be6
{[%clk 0:03:05]} 8. Be3 {[%clk 0:03:03]} Nc6 {[%clk 0:03:04]} 9. O-O
{[%clk 0:03:00]} Be7 {[%clk 0:03:03]} 10. Kh1 {[%clk 0:03:00]} O-O
{[%clk 0:02:59]} 11. f4 {[%clk 0:03:00]} exf4 {[%clk 0:02:42]} 12. Bxf4
{[%clk 0:02:59]} d5 {[%clk 0:02:37]} 13. exd5 {[%clk 0:02:51]} Nxd5
{[%clk 0:02:37]} 14. Nxd5 {[%clk 0:02:34]} Bxd5 {[%clk 0:02:37]} 15. Qg4
{[%clk 0:02:30]} Be6 {[%clk 0:02:17]} 16. Qg3 {[%clk 0:02:22]} Kh8
{[%clk 0:02:03]} 17. Rad1 {[%clk 0:02:18]} Qc8 {[%clk 0:01:47]} 18. Bg5
{[%clk 0:01:51]} Bxg5 {[%clk 0:01:41]} 19. Qxg5 {[%clk 0:01:51]} h6
{[%clk 0:01:39]} 20. Qg3 {[%clk 0:01:46]} Nb4 {[%clk 0:01:25]} 21. Nd4
{[%clk 0:01:16]} Nxd3 {[%clk 0:01:16]} 22. cxd3 {[%clk 0:01:13]} Rd8
{[%clk 0:00:58]} 23. Nxe6 {[%clk 0:01:06]} Qxe6 {[%clk 0:00:57]} 24. b3
{[%clk 0:01:03]} Rd4 {[%clk 0:00:42]} 25. Qf3 {[%clk 0:00:54]} Rd7
{[%clk 0:00:39]} 26. Rfe1 {[%clk 0:00:49]} Qg6 {[%clk 0:00:31]} 27. Qe4
{[%clk 0:00:36]} Qxe4 {[%clk 0:00:29]} 28. dxe4 {[%clk 0:00:36]} Rad8
{[%clk 0:00:29]} 29. Rxd7 {[%clk 0:00:32]} Rxd7 {[%clk 0:00:30]} 30. h3
{[%clk 0:00:21]} Rd2 {[%clk 0:00:30]} 31. a4 {[%clk 0:00:20]} Rb2
{[%clk 0:00:29]} 32. Re3 1/2-1/2

[Event "MPJ-Blitz-D12"]
[Site "Katowice"]
[Date "2015.08.15"]
[Round "16.1"]
[White "Tarka, Aleksandra"]
[Black "Waszczuk, Patrycja"]
[Result "0-1"]
[BlackElo "1481"]
[WhiteElo "1311"]

1. d4 {[%clk 0:03:03]} d5 {[%clk 0:03:04]} 2. Nf3 {[%clk 0:03:04]} c6
{[%clk 0:03:05]} 3. c3 {[%clk 0:03:02]} Nf6 {[%clk 0:03:06]} 4. Bg5
{[%clk 0:03:02]} Ne4 {[%clk 0:03:05]} 5. Bf4 {[%clk 0:03:01]} h6 {[%clk 0:03:03]}
6. Nbd2 {[%clk 0:03:00]} Bf5 {[%clk 0:03:02]} 7. e3 {[%clk 0:02:51]} e6
{[%clk 0:03:01]} 8. Nxe4 {[%clk 0:02:42]} Bxe4 {[%clk 0:02:55]} 9. Bd3
{[%clk 0:02:39]} Bd6 {[%clk 0:02:52]} 10. Bg3 {[%clk 0:02:24]} Bxd3
{[%clk 0:02:42]} 11. Qxd3 {[%clk 0:02:24]} Bxg3 {[%clk 0:02:39]} 12. hxg3
{[%clk 0:02:25]} Nd7 {[%clk 0:02:40]} 13. Ne5 {[%clk 0:02:08]} Nxe5
{[%clk 0:02:38]} 14. dxe5 {[%clk 0:02:09]} Qc7 {[%clk 0:02:33]} 15. f4
{[%clk 0:02:05]} c5 {[%clk 0:02:26]} 16. Qb5+ {[%clk 0:02:01]} Qc6
{[%clk 0:02:27]} 17. Qxc6+ {[%clk 0:02:00]} bxc6 {[%clk 0:02:28]} 18. Ke2
{[%clk 0:01:39]} Rb8 {[%clk 0:02:29]} 19. b3 {[%clk 0:01:37]} Ke7
{[%clk 0:02:29]} 20. Kd3 {[%clk 0:01:34]} Rhd8 {[%clk 0:02:23]} 21. Rad1
{[%clk 0:01:31]} a5 {[%clk 0:02:12]} 22. c4 {[%clk 0:01:09]} Rb4 {[%clk 0:02:06]}
23. Kc3 {[%clk 0:01:05]} a4 {[%clk 0:01:50]} 24. Rd2 {[%clk 0:00:52]} axb3
{[%clk 0:01:46]} 25. axb3 {[%clk 0:00:53]} Ra8 {[%clk 0:01:47]} 26. Rb1
{[%clk 0:00:49]} Ra3 {[%clk 0:01:43]} 27. Rdb2 {[%clk 0:00:45]} Kd7
{[%clk 0:01:41]} 28. Rd1 {[%clk 0:00:31]} Kc7 {[%clk 0:01:41]} 29. Rdb1
{[%clk 0:00:17]} dxc4 {[%clk 0:01:32]} 30. e4 {[%clk 0:00:12]} cxb3
{[%clk 0:01:27]} 31. Rxb3 {[%clk 0:00:10]} Rbxb3+ {[%clk 0:01:23]} 32. Rxb3
{[%clk 0:00:11]} Ra2 {[%clk 0:01:24]} 33. Rb2 {[%clk 0:00:10]} Ra4
{[%clk 0:01:25]} 34. Kd3 {[%clk 0:00:09]} Ra3+ {[%clk 0:01:26]} 35. Kc4
{[%clk 0:00:08]} Rxg3 {[%clk 0:01:24]} 36. Kxc5 {[%clk 0:00:09]} Rc3+
{[%clk 0:01:24]} 37. Kd4 {[%clk 0:00:10]} Ra3 {[%clk 0:01:23]} 38. Kc5
{[%clk 0:00:09]} Ra5+ {[%clk 0:01:23]} 39. Kd4 {[%clk 0:00:09]} Ra4+
{[%clk 0:01:17]} 40. Kd3 {[%clk 0:00:09]} Ra3+ {[%clk 0:01:17]} 41. Kc4
{[%clk 0:00:08]} Re3 {[%clk 0:01:17]} 42. Kd4 {[%clk 0:00:07]} Re1
{[%clk 0:01:16]} 43. Kd3 {[%clk 0:00:06]} c5 {[%clk 0:01:15]} 44. Rc2
{[%clk 0:00:05]} Kc6 {[%clk 0:01:16]} 45. Rc4 {[%clk 0:00:05]} Rd1+
{[%clk 0:01:15]} 46. Kc2 {[%clk 0:00:05]} Rg1 {[%clk 0:01:12]} 47. Kd3
{[%clk 0:00:05]} Rxg2 {[%clk 0:01:12]} 48. Ra4 {[%clk 0:00:04]} Rg3+
{[%clk 0:01:12]} 49. Ke2 {[%clk 0:00:05]} Rb3 {[%clk 0:01:10]} 50. Ra6+
{[%clk 0:00:05]} Rb6 {[%clk 0:00:52]} 51. Ra4 {[%clk 0:00:04]} f6
{[%clk 0:00:45]} 52. exf6 {[%clk 0:00:04]} gxf6 {[%clk 0:00:46]} 53. Kd3
{[%clk 0:00:05]} Kb5 {[%clk 0:00:44]} 54. Ra1 {[%clk 0:00:06]} c4+
{[%clk 0:00:45]} 55. Kc3 {[%clk 0:00:07]} Kc5 {[%clk 0:00:44]} 56. Ra2
{[%clk 0:00:07]} Rb3+ {[%clk 0:00:44]} 57. Kd2 {[%clk 0:00:06]} Kd4
{[%clk 0:00:44]} 58. Rc2 {[%clk 0:00:06]} Rd3+ {[%clk 0:00:44]} 59. Ke2
{[%clk 0:00:05]} Re3+ {[%clk 0:00:45]} 60. Kf2 {[%clk 0:00:06]} Rxe4
{[%clk 0:00:45]} 61. Kf3 {[%clk 0:00:06]} Re3+ {[%clk 0:00:45]} 62. Kf2
{[%clk 0:00:07]} c3 {[%clk 0:00:43]} 63. Rc1 {[%clk 0:00:08]} Rd3
{[%clk 0:00:43]} 64. Ke2 {[%clk 0:00:08]} Rd2+ {[%clk 0:00:44]} 65. Ke1
{[%clk 0:00:08]} Kd3 {[%clk 0:00:44]} 66. Kf1 {[%clk 0:00:07]} c2
{[%clk 0:00:41]} 67. Ke1 {[%clk 0:00:08]} Rd1+ {[%clk 0:00:39]} 68. Rxd1+
{[%clk 0:00:09]} cxd1=Q+ {[%clk 0:00:39]} 69. Kxd1 {[%clk 0:00:09]} Ke4
{[%clk 0:00:40]} 0-1

[Event "MPJ-Blitz-D12"]
[Site "Katowice"]
[Date "2015.08.15"]
[Round "16.2"]
[White "Czarniecka, Aleksandra"]
[Black "Harazinska, Magdalena"]
[Result "0-1"]
[BlackElo "1499"]
[WhiteElo "1350"]

1. e4 {[%clk 0:03:04]} c5 {[%clk 0:03:04]} 2. Nf3 {[%clk 0:03:05]} e6
{[%clk 0:03:05]} 3. d4 {[%clk 0:03:07]} cxd4 {[%clk 0:03:06]} 4. Nxd4
{[%clk 0:03:08]} a6 {[%clk 0:03:08]} 5. c4 {[%clk 0:03:09]} Qc7 {[%clk 0:03:09]}
6. Nc3 {[%clk 0:03:07]} Bb4 {[%clk 0:03:11]} 7. f3 {[%clk 0:03:05]} Nf6
{[%clk 0:03:08]} 8. Be3 {[%clk 0:03:05]} O-O {[%clk 0:03:06]} 9. Rc1
{[%clk 0:03:07]} b6 {[%clk 0:03:04]} 10. Be2 {[%clk 0:03:07]} Bb7
{[%clk 0:03:06]} 11. O-O {[%clk 0:03:08]} Nc6 {[%clk 0:03:00]} 12. a3
{[%clk 0:03:08]} Be7 {[%clk 0:03:01]} 13. Qd2 {[%clk 0:03:07]} Rac8
{[%clk 0:02:47]} 14. b4 {[%clk 0:03:08]} Qb8 {[%clk 0:02:43]} 15. Na4
{[%clk 0:03:09]} Bd8 {[%clk 0:02:32]} 16. Nxc6 {[%clk 0:03:10]} Bxc6
{[%clk 0:02:31]} 17. b5 {[%clk 0:03:04]} axb5 {[%clk 0:02:31]} 18. cxb5
{[%clk 0:03:05]} Ba8 {[%clk 0:02:20]} 19. Rxc8 {[%clk 0:03:06]} Qxc8
{[%clk 0:02:20]} 20. Nxb6 {[%clk 0:03:06]} Qb7 {[%clk 0:02:15]} 21. Na4
{[%clk 0:02:55]} d5 {[%clk 0:02:08]} 22. exd5 {[%clk 0:02:50]} Nxd5
{[%clk 0:02:08]} 23. Nc3 {[%clk 0:02:49]} Nxe3 {[%clk 0:02:07]} 24. Rd1
{[%clk 0:02:29]} Nxd1 {[%clk 0:02:08]} 0-1

[Event "MPJ-Blitz-D12"]
[Site "Katowice"]
[Date "2015.08.15"]
[Round "16.3"]
[White "Czarnecka, Lidia"]
[Black "Dylag, Emilia"]
[Result "1-0"]
[BlackElo "1454"]
[WhiteElo "1459"]

1. e4 c5 {[%clk 0:03:04]} 2. Nf3 {[%clk 0:03:04]} Nc6 {[%clk 0:03:05]} 3. d4
{[%clk 0:03:05]} cxd4 {[%clk 0:03:06]} 4. Nxd4 {[%clk 0:03:07]} g6
{[%clk 0:03:07]} 5. Be3 {[%clk 0:03:07]} Nf6 {[%clk 0:03:07]} 6. Nc3
{[%clk 0:03:08]} Bg7 {[%clk 0:03:08]} 7. Bc4 {[%clk 0:03:05]} Qa5
{[%clk 0:03:08]} 8. Nb3 {[%clk 0:03:02]} Qb4 {[%clk 0:02:12]} 9. Bd5
{[%clk 0:02:53]} Nxd5 {[%clk 0:02:08]} 10. exd5 {[%clk 0:02:46]} Bxc3+
{[%clk 0:01:39]} 11. bxc3 {[%clk 0:02:47]} Qxc3+ {[%clk 0:01:38]} 12. Bd2
{[%clk 0:02:46]} Qe5+ {[%clk 0:01:39]} 13. Be3 {[%clk 0:02:48]} Nb4
{[%clk 0:01:00]} 14. O-O {[%clk 0:02:32]} Qxd5 {[%clk 0:00:37]} 15. Qc1
{[%clk 0:02:19]} O-O {[%clk 0:00:35]} 16. c4 {[%clk 0:02:19]} Qd6
{[%clk 0:00:22]} 17. Qc3 {[%clk 0:02:15]} Nc6 {[%clk 0:00:22]} 18. Rad1
{[%clk 0:02:13]} Qc7 {[%clk 0:00:21]} 19. Bh6 {[%clk 0:02:15]} f6
{[%clk 0:00:19]} 20. Qd3 {[%clk 0:02:07]} Rf7 {[%clk 0:00:18]} 21. Qd5
{[%clk 0:02:02]} Qe5 {[%clk 0:00:14]} 22. Qd2 {[%clk 0:02:00]} Qc7
{[%clk 0:00:12]} 23. Bf4 {[%clk 0:02:01]} Qd8 {[%clk 0:00:13]} 24. Qd5
{[%clk 0:01:58]} d6 {[%clk 0:00:10]} 25. Rfe1 {[%clk 0:01:56]} Bf5
{[%clk 0:00:10]} 26. Qd2 {[%clk 0:01:43]} Kg7 {[%clk 0:00:11]} 27. Re2
{[%clk 0:01:37]} Qb6 {[%clk 0:00:08]} 28. Be3 {[%clk 0:01:31]} Qc7
{[%clk 0:00:09]} 29. Bf4 Qd8 {[%clk 0:00:09]} 30. Rde1 {[%clk 0:01:33]} Qb6
{[%clk 0:00:08]} 31. h3 {[%clk 0:01:31]} Ne5 {[%clk 0:00:07]} 32. Bxe5
{[%clk 0:01:30]} dxe5 {[%clk 0:00:09]} 33. c5 Qc7 {[%clk 0:00:09]} 34. Qe3
{[%clk 0:01:25]} Rd8 {[%clk 0:00:09]} 35. Qc3 {[%clk 0:01:13]} Rd3
{[%clk 0:00:10]} 36. Qb4 {[%clk 0:01:11]} Rd8 {[%clk 0:00:09]} 37. Na5
{[%clk 0:01:09]} b6 {[%clk 0:00:09]} 38. cxb6 {[%clk 0:01:09]} axb6
{[%clk 0:00:10]} 39. Nb3 {[%clk 0:01:07]} Qb7 {[%clk 0:00:10]} 40. Nc5
{[%clk 0:01:00]} Qc7 {[%clk 0:00:09]} 41. Nb3 {[%clk 0:01:01]} 1-0